000 01273nam0a22002531 4500
001 rc\2725844
005 20250806200617.0
035 _a(NLR Aleph) 006853323
090 _a7299
_c7299
100 _a20110915d1943 u y0rusy50 ca
101 0 _arus
102 _aRU
105 _ay z |||||
200 1 _aИнструкция о порядке премирования военнослужащих за перевыполнение единых республиканских норм выработки на строительстве железных дорог и эксплуатации железнодорожного транспорта НКПС
_fФин. отдел ж.-д. войск ГУВВР НКПС
210 _a[Москва]
_cТрансжелдориздат
_d1943
215 _a40 с., без тит. л.
_d14 см.
710 0 1 _aСССР
_bНародный комиссариат путей сообщения
_bГлавное управление военно-восстановительных работ
_3RU\NLR\AUTH\8810029477
801 0 _aRU
_bNLR
_gpsbo
801 1 _aRU
_bELAR
_2rusmarc
852 _aNLR
_jП60 Г-2/16
942 _cBOOK
945 _aРоссийская национальная библиотека
980 _aNB
980 _aBV